Φυσιολογία θρέψης παραγωγικών ζώων

Αποθηκεύτηκε σε:
Λεπτομέρειες βιβλιογραφικής εγγραφής
Κύριος συγγραφέας: Ζέρβας, Γιώργος Παν., 1951-
Μορφή: Βιβλίο
Γλώσσα:Greek
Δημοσίευση: Αθήνα : Αθ. Σταμούλης, c2005
Θέματα:
Ετικέτες: Προσθήκη ετικέτας
Δεν υπάρχουν, Καταχωρήστε ετικέτα πρώτοι!

MARC

LEADER 00000cam a2200000 i 4500
001 1/40543
008 140122s2005 gre d
020 |a 960-351-619-8 
035 |l 10116406 
040 |a GR-MY-UA  |b gre  |e aacr 
041 0 |a gre 
082 0 |a 636.084  |2 (23) 
100 1 |a Ζέρβας, Γιώργος Παν.,   |d 1951- 
245 1 0 |a Φυσιολογία θρέψης παραγωγικών ζώων /  |c Γεώργιος Ζέρβας 
260 |a Αθήνα :   |b Αθ. Σταμούλης,   |c c2005 
300 |a 544 σ.;  |b εικ., πίν.;  |c 24 εκ. 
500 |a Εργαστήριο διατροφής ζώων του τμήματος ζωικής παραγωγής του Γεωπονικού Πανεπιστημίου Αθηνών 
504 |a Βιβλιογραφία: σ.539-544 
650 0 0 |a Food animals. 
650 0 0 |a Animal feeding. 
650 0 0 |a Livestock  |x Metabolism. 
650 0 0 |a Veterinary physiology. 
852 |a INST  |b LEMNOS  |c EUDOXUS  |e 20140122  |h 636.084 ΖΕΡ  |p 005600000917  |q 005600000917  |t EDX  |y 0 
901 |a BIBL6-2014-1 
909 |a Μ  |b 161186 
920 |a Εύδοξος  |b Παραγγελία  |y Λήμνος-ΤΕΤΔ  |z 2014-01 
922 |a 6ΕΛΗ 
970 |a Μοσχόβη  |b Ευαγγελία  |z 2014/01/22